01628nam a2200445 i 450000100060000000300090000600500170001500800410003204000260007304100170009904600090011608000150012508000100014024502170015024600720036726000810043930000240052033600270054433700540057133800280062538000160065338000230066938800140069238800140070650400120072064800140073264800140074664800140076065000110077465000400078565100110082565100170083665500300085365800130088365800380089670000310093470000430096571000760100885600980108423573KOSZ 00520240405063033.0200604s1986 pl g f 001 0 pol d aKOSZ 005cKOSZ 005/RW bd1918bd1920 k1986 a94(438).08 a355.100aWojsko Wielkopolskie 1919 r.nCz. 2,pRewindykacja Pomorza i Wielkopolski 1920 r. /cwybór dokumentów wojskowych, wstęp, wybór i opracowanie Irmina Polak, Bogusław Polak ; Wyższa Szkoła Inżynierska.14aRewindykacja Pomorza i Wielkopolski 1920 r. :bwybór źródeł  aKoszalin :bWydawnictwo Uczelniane Wyższej Szkoły Inżynierskiej,c1986. a327 stron ;c24 cm. aTekstbtxt2rdacontent aBez urządzenia pośredniczącegobn2rdamedia aWoluminbnc2rdacarrier aKsiążki aPublikacje naukowe a1901-2000 a1945-1989 aIndeks. 7a1901-2000 7a1914-1918 7a1918-1939 7aWojsko 7aPowstanie wielkopolskie (1918-1919) 7aPolska 7aWielkopolska 7aWydawnictwo źródłowe aHistoria aBezpieczeństwo i wojskowość1 aPolak, IrminaeOpracowanie1 aPolak, Bogusławd(1945-)eOpracowanie2 aWydawnictwo Uczelniane (Wyższa Szkoła Inżynierska ; Koszalin)4pbl uhttp://koha.tu.koszalin.pl/cgi-bin/koha/opac-detail.pl?biblionumber=23573yKatalog online BPK